000 00311nam a2200121Ia 4500
005 20251222154420.0
008 251222s9999||||xx |||||||||||||| ||spa||
020 _a84-7880-240-1
082 _a641.594.5/S47
100 _a"ShelaghRouth, Jonathan"
245 0 _aNotas de cocina de Leonardo da Vinci
942 _cLIB
999 _c36002
_d36002